000 00578nam a2200169 i 4500
001 61287
003 ES-MaACL
005 20230906164424.0
007 t|
008 031111s1907 sp ||||1| spa d
110 2 _aCruz Roja Española.
_93322
245 1 0 _aEstatutos de la Cruz Roja española redactados con arreglo a las bases sancionadas en el R.D. de 26 de agosto de 1889 y aprobados por R.O. de 12 julio 1900.
260 _aMadrid :
_bE. Catalá,
_c1907.
300 _a260 p. ;
_c16 cm.
610 2 4 _aCruz Roja Española-
_vEstatutos.
_9163824
852 _aES-MaACL
_jD-2198
999 _c61287
_d61287